|
|
|
|
| LEADER |
01104nam a22002897i 4500 |
| 001 |
28908 |
| 003 |
BD-DhAAL |
| 005 |
20220612142348.0 |
| 008 |
150222t20121991bg 000 1 ben |
| 999 |
|
|
|c 33771
|d 33771
|
| 020 |
|
|
|a 9789844042971
|
| 040 |
|
|
|a DLC
|b eng
|e rda
|c DLC
|d DLC
|d BD-DhAAL
|
| 041 |
|
|
|a ben
|
| 042 |
|
|
|a lcode
|
| 050 |
0 |
0 |
|a MLCSA 2014/00693 (P)
|a PK1730.23.U6
|
| 082 |
|
|
|a 891.4/4371
|
| 100 |
1 |
|
|a আহমেদ, হুমায়ূন
|d ১৯৪৮-২০১২,
|9 6691
|
| 245 |
1 |
0 |
|a দারুচিনি দ্বীপ /
|c হুমায়ূন আহমেদ।
|
| 260 |
|
|
|a ঢাকাঃ
|b অনুপম প্রকাশনী,
|c ২০১২
|
| 300 |
|
|
|a ৯৬ পৃ ;
|c ২২ সেমি
|
| 500 |
|
|
|a Novel.
|
| 541 |
|
|
|e 28909
|
| 546 |
|
|
|a In Bengali.
|
| 651 |
|
0 |
|a Bangladesh
|x Fiction
|9 6692
|
| 852 |
|
|
|a BRAC Institute of Language (BIL)
|c General Stacks
|
| 942 |
|
|
|2 ddc
|c BK
|
| 952 |
|
|
|0 0
|1 1
|2 ddc
|4 0
|6 891_443710000000000_AHA
|7 0
|9 52741
|a BIL
|b BIL
|c GEN
|d 2015-02-22
|e BRAC Institute of Language (BIL)
|l 0
|o 891.44371 AHA
|p 3010028908
|r 2015-02-22
|t 1
|w 2015-02-22
|y BK
|